000 00323pab a2200121 454500
008 180718b xxu||||| |||| 00| 0 eng d
100 _aBhuleshkar Ashok V.
245 _aFinancial sector reform: let market have the say
362 _a5 Aug 93, p.7
650 _aFinance -- India
773 _aBusiness Standard
909 _a24866
999 _c24866
_d24866